Simposim Pegawai Penilaian [ Pembentangan kertas kerja (DVD 4) :

Bibliographic Details
Corporate Author: Institut Penilaian Negara
Format: Book
Language:Malay
Published: Kajang : Institut Penialian Negara , 2009
Subjects:

MARC

LEADER 00000cam a2200000 7i4500
001 0000022974
005 20110117.0
008 110103 my v may
040 |a INS 
090 0 0 |a VCD 1838 
245 0 0 |a Simposim Pegawai Penilaian [  |h cakera video] :   |b Pembentangan kertas kerja (DVD 4) :   |b 11 Ogos 2009 
260 |a Kajang :   |b Institut Penialian Negara ,   |c 2009 
300 |a 1 cakera video (190 min ) :   |b by., wrn. ;   |c 4 3/4 in. 
505 0 0 |a Kertas 1. Arah tuju bidang penyelidikan jabatan - Kertas 2. Peningkatan tahap pengurusan ICT di kalangan warga JPPH - Kertas 3. Modal insan : mewujudkan pemimpin pelapis 
650 0 |a Pegawai Penilaian   |x Congresses 
650 0 |a Real estate property   |x Congresses   |z Malaysia 
710 1 |a Institut Penilaian Negara 
999 |a VCD0001838   |b DIGITAL VIDEO CD   |c Media Collection   |e Default branch